000 01702nam a2200409 a 4500
001 00126
003 DO-SdBNP
005 20180309093515.0
007 00126
008 160330b dr 2008 ||||| |||| 00| 0 spa d
020 _a9789945111934 (v.2) Guía
020 _a9789945112580 (v.2) Cuaderno
040 _aBPMSU
_bspa
_cBPMSU
092 _a372.7
_bS237m, 2do. , 2008
100 1 _aSantos, Altagracia
245 1 0 _aMatemáticas 2 :
_beducación básica /
_cAltagracia Santos ; dirección editorial Obdulia García de Escobar ; editor Andrés Molina Maloon
260 _aSanto Domingo :
_bSantillana,
_c2008.
300 _a2 v. :
_bil., retrs. ;
_c30 cm.
_e+ CD-ROM
490 1 _aCoral
500 _aLa biblioteca posee la guía y el cuaderno
505 0 _gv. 1 . - Guía. -
_tSuma y resta --
_tDel cien al mil --
_tOperar con centenas --
_tLa multiplicación --
_tLa división --
_tLínea y figuras --
_tMedidas de longitud --
_tOtras medidas --
_tFiguras geométricas --
_tNuestro dinero --
_tRegistro de datos --
505 0 _gv. - cuaderno
650 4 _aMATEMÁTICAS
_xENSEÑANZA ELEMENTAL
650 4 _aMATEMÁTICAS
_xENSEÑANZA BÁSICA
650 4 _aEDUCACIÓN PRIMARIA
_zREPÚBLICA DOMINICANA
650 4 _aMATEMÁTICAS
_xLIBROS DE TEXTOS
650 4 _aMATEMÁTICAS
_xESTUDIOS Y EJERCICIOS
700 1 _aGarcía de Escobar, Obdulia,
_edir. ed.
700 1 _aMolina Maloon, Andrés,
_eed.
830 0 _aCoral
910 _aValidado. Control de calidad MFF
942 _2ddc
_cBK
945 _aRemanejado para la BNPHU / 2018 VM
956 _aYLOCKWARD
_b10
_c20150703
_lBPMSU
_h0946
956 _aVMATEO
_b10
_c20150706
_lBPMSU
_h00151
956 _aBRENDA TAVÁREZ
_b10
_c20163004
_lBPMSU
_h00126
999 _c9445
_d9445